[Event "GRE-chT 47th"]
[Site "Patras"]
[Date "2019.07.03"]
[Round "2.3"]
[White "Christodoulakis, Michail"]
[Black "Peikos, Rafail"]
[Result "1/2-1/2"]
[WhiteElo "1224"]
[BlackElo "1309"]
[PlyCount "78"]
[EventDate "2019.07.02"]
[EventType "team-swiss"]
[EventRounds "7"]
[EventCountry "GRE"]
[SourceTitle "CBM 191 Extra"]
[Source "ChessBase"]
[SourceDate "2019.09.30"]
[SourceVersion "1"]
[SourceVersionDate "2019.09.30"]
[SourceQuality "1"]
[WhiteTeam "Chania OA"]
[BlackTeam "Triandrias OF"]
[WhiteTeamCountry "GRE"]
[BlackTeamCountry "GRE"]

1. e4 d5 2. exd5 Qxd5 3. Nc3 Qd6 4. d4 Nf6 5. Bc4 a6 6. Nf3 b5 7. Bb3 Bb7 8. Be3 e6 9. 0-0 Be7 10. Re1 0-0 11. Ne5 Qd8 12. Qe2 Nbd7 13. Rad1 Nb6 14. f3 Nbd5 15. Ne4 c6 16. Bg5 Qc7 17. Bxf6 Nxf6 18. c3 c5 19. Nxf6+ Bxf6 20. Kh1 cxd4 21. cxd4 Qd6 22. Qe3 Rad8 23. Rd3 Bd5 24. Bxd5 Qxd5 25. b3 Bxe5 26. Qxe5 Qxe5 27. Rxe5 Rd6 28. g4 Rfd8 29. Re4 Rd5 30. h4 e5 31. Rde3 Rxd4 32. Rxe5 Rd1+ 33. Re1 Rxe1+ 34. Rxe1 g6 35. Re2 Rd3 36. Kg2 Kg7 37. g5 h6 38. Kg3 hxg5 39. hxg5 Kf8 1/2-1/2

[Event "GRE-chT 47th"]
[Site "Patras"]
[Date "2019.07.02"]
[Round "1.5"]
[White "Makridis, Dimitrios"]
[Black "Christodoulakis, Michail"]
[Result "1-0"]
[WhiteElo "1798"]
[BlackElo "1224"]
[PlyCount "33"]
[EventDate "2019.07.02"]
[EventType "team-swiss"]
[EventRounds "7"]
[EventCountry "GRE"]
[SourceTitle "CBM 191 Extra"]
[Source "ChessBase"]
[SourceDate "2019.09.30"]
[SourceVersion "1"]
[SourceVersionDate "2019.09.30"]
[SourceQuality "1"]
[WhiteTeam "Evoiki ES"]
[BlackTeam "Chania OA"]
[WhiteTeamCountry "GRE"]
[BlackTeamCountry "GRE"]

1. e4 e5 2. Nf3 Nc6 3. Bc4 Bc5 4. c3 Nf6 5. d3 h6 6. 0-0 0-0 7. h3 a6 8. Bb3 Re8 9. Re1 b5 10. Nbd2 Bb7 11. Nf1 d6 12. Ng3 Qd7 13. Nh2 Rad8 14. Qf3 d5 15. Bxh6 Nxe4 16. dxe4 dxe4 17. Nxe4 1-0

[Event "GRE-ch U10"]
[Site "Achaia"]
[Date "2017.06.28"]
[Round "4"]
[White "Magalakis, Stefanos"]
[Black "Christodoulakis, Michail"]
[Result "1-0"]
[WhiteElo "1332"]
[BlackElo "1096"]
[PlyCount "65"]
[EventDate "2017.06.26"]
[EventType "swiss"]
[EventRounds "9"]
[EventCountry "GRE"]
[SourceTitle "EXT 2018"]
[Source "ChessBase"]
[SourceDate "2017.10.13"]
[SourceVersion "1"]
[SourceVersionDate "2017.10.13"]
[SourceQuality "1"]

1. e4 e5 2. Nf3 Nc6 3. Bc4 Bc5 4. d3 Nf6 5. c3 h6 6. 0-0 0-0 7. Re1 d6 8. h3 Be6 9. Bb5 Re8 10. a3 a6 11. Ba4 b5 12. Bc2 Bb6 13. d4 exd4 14. cxd4 Bd7 15. Nc3 Re7 16. Bf4 Qe8 17. Qd3 b4 18. e5 bxc3 19. exf6 g6 20. fxe7 cxb2 21. Rab1 Bf5 22. Qd1 Bxc2 23. Qxc2 Kh7 24. Qxb2 Rb8 25. Qc2 Rc8 26. Qd3 a5 27. Bxd6 Bxd4 28. Nxd4 cxd6 29. Nxc6 Rxc6 30. Rb8 Qxb8 31. e8Q Qxe8 32. Rxe8 Rc1+ 33. Kh2 1-0

[Event "GRE-ch U10"]
[Site "Achaia"]
[Date "2017.06.27"]
[Round "3"]
[White "Christodoulakis, Michail"]
[Black "Antonioudakis, Georgios"]
[Result "0-1"]
[WhiteElo "1096"]
[BlackElo "1102"]
[PlyCount "64"]
[EventDate "2017.06.26"]
[EventType "swiss"]
[EventRounds "9"]
[EventCountry "GRE"]
[SourceTitle "EXT 2018"]
[Source "ChessBase"]
[SourceDate "2017.10.13"]
[SourceVersion "1"]
[SourceVersionDate "2017.10.13"]
[SourceQuality "1"]

1. e4 c5 2. Nf3 d6 3. d4 cxd4 4. Qxd4 Nc6 5. Qe3 Nf6 6. c4 g6 7. Nc3 Bg7 8. Be2 0-0 9. 0-0 Be6 10. Rd1 Rc8 11. Rb1 Qc7 12. b3 Ng4 13. Qd3 Qb6 14. Rf1 Nb4 15. Qd2 Bxc3 16. Qxc3 Nxa2 17. Qd2 Nxc1 18. Qxc1 Nf6 19. e5 dxe5 20. Nxe5 Qc7 21. Nf3 Bf5 22. Rb2 Rfd8 23. Qe3 Qc5 24. Qxc5 Rxc5 25. Rd1 Rxd1+ 26. Bxd1 Ra5 27. Re2 Ne4 28. Re1 Nc3 29. Be2 e5 30. h3 Ra2 31. Kf1 Nxe2 32. Rxe2 Bd3 0-1

[Event "GRE-ch U20"]
[Site "Chania"]
[Date "2017.01.02"]
[Round "1.19"]
[White "Christodoulakis, Michail"]
[Black "Malataras, Gerasimos"]
[Result "0-1"]
[WhiteElo "1086"]
[BlackElo "1758"]
[PlyCount "68"]
[EventDate "2017.01.02"]
[EventType "swiss"]
[EventRounds "9"]
[EventCountry "GRE"]
[SourceTitle "EXT 2024"]
[Source "ChessBase"]
[SourceDate "2023.10.10"]
[SourceVersion "1"]
[SourceVersionDate "2023.10.10"]
[SourceQuality "1"]

1. e4 e6 2. d4 d5 3. exd5 exd5 4. Nf3 Bd6 5. Nc3 c6 6. Be3 Ne7 7. Qd2 0-0 8. 0-0-0 Nf5 9. Bd3 Nxe3 10. fxe3 Qc7 11. Rdg1 Re8 12. h4 Rxe3 13. Re1 Rxe1+ 14. Rxe1 Be6 15. Kb1 Nd7 16. Ng5 Nf8 17. Nxe6 Nxe6 18. g4 Bf4 19. Qg2 Nxd4 20. Ne2 Re8 21. Qf2 Bd2 22. Rf1 Nxe2 23. Bxe2 Qe7 24. Bd1 Be3 25. Qg3 f6 26. Re1 d4 27. c3 Qe4+ 28. Ka1 d3 29. Bf3 Qe7 30. g5 d2 31. Rd1 fxg5 32. hxg5 Bxg5 33. Bh5 g6 34. Bf3 Qe3 0-1